| 000 | 01608nam0a2200361 i 4500 | ||
|---|---|---|---|
| 001 | RU\NLR\BIBL_A\010841268 | ||
| 005 | 20241114190816.0 | ||
| 010 |
_a9785987098752 _950 |
||
| 021 |
_aRU _b2015-58828 _93479 |
||
| 035 | _a(NILC)RuMoRGB-007991166 | ||
| 035 | _a(NLR Aleph) 010841268 | ||
| 090 |
_a10328535 _c10328535 |
||
| 100 | _a20150916d2015 u y0rusy50 ca | ||
| 101 | 0 | _arus | |
| 102 | _aRU | ||
| 105 | _ay|||j|||000yy | ||
| 200 | 1 |
_aДзета функция и ядро теплопроводности в квантовой теории поля _eучебно-методическое пособие _fВ. Н. Марачевский _gС.-Петерб. гос. ун-т, Каф. квантовой механики |
|
| 210 |
_aСанкт-Петербург _cЛЕМА _d2015 |
||
| 215 |
_a29 с. _d21 |
||
| 320 | _aБиблиогр.: с. 19-20 (26 назв.) | ||
| 606 |
_aКвантовая теория поля _xПеренормировка _91297911 _3RU\NLR\AUTH\66537245 |
||
| 606 |
_aКвантовая теория поля _xМатематические методы _92225709 _3RU\NLR\AUTH\6601569063 |
||
| 610 | 0 | _aядро теплопроводности в квантовой теории поля | |
| 610 | 0 | _aдзета функция в квантовой теории поля | |
| 675 | _a530.1 | ||
| 686 | 1 | _aВ315.1 | |
| 700 | 1 |
_aМарачевский _bВ. Н. _gВалерий Николаевич |
|
| 801 | 0 |
_aRU _bРГБ _c20150805 _gRCR |
|
| 801 | 1 |
_aRU _bРГБ _c20150805 _2rusmarc |
|
| 942 | _cBOOK | ||
| 980 | _aNBR | ||